000 00444nam a2200193Ia 4500
005 20240823035600.0
008 240823s9999||||xx |||||||||||||| ||und||
020 _a978-93-81626-97-9
041 _aENGLISH
082 _A823.92 Q2
100 _aRajiv G Menon
245 0 _aThundergod The Ascendance of India
250 _a1st
260 _c2012
_bWestlan
500 _aYES
650 _aNovel
_bEnglish
942 _cBK
999 _c201036
_d201036